Les Quatre estacions al Montseny. L'home i el Montseny [Enregistrament de vídeo] : audiovisuals audiovisuals
Publicado:
Barcelona :
Diputació de Barcelona : Parc Natural del Montseny : Diputació de Girona ,
2007
Descripción Física:
2 discs òptics (DVD) 54 min : col., so
Otros Autores:
Girona. Diputació
MARC
| LEADER | 00000ngm a2200000Ia 4500 | ||
|---|---|---|---|
| 001 | 19937 | ||
| 007 | co aa aaaaa | ||
| 008 | 160829s2007 xx 000 0 cat d | ||
| 080 | |a CD-1-97 | ||
| 245 | |a Les Quatre estacions al Montseny. L'home i el Montseny [Enregistrament de vídeo] : |b audiovisuals | ||
| 260 | |a Barcelona : |b Diputació de Barcelona : |b Parc Natural del Montseny : |b Diputació de Girona, |c 2007 | ||
| 300 | |a 2 discs òptics (DVD) 54 min : |b col., so | ||
| 590 | |a En quatre idiomes: català, castellà, francès i anglès | ||
| 610 | 0 | |a Parc Natural del Montseny (Catalunya) |9 10461 | |
| 610 | 0 | |a Parc Natural del Montseny (Catalunya) |9 10461 | |
| 655 | 0 | |9 54986 |a DVD | |
| 700 | |a Girona. Diputació | ||
| 710 | 1 | |a Barcelona (Catalunya : Província). |b Diputació |9 52408 | |
| 901 | |a Arxiu | ||
| 942 | |n 1 |2 udc | ||
| 952 | |0 0 |1 0 |4 0 |6 CD197 |7 1 |9 51830 |a Arxiu |b Arxiu |d 2016-12-01 |l 0 |o CD-1-97 |p 19937 |r 2016-12-01 00:00:00 |w 2016-12-01 |y ARXIU | ||
| 999 | |c 55676 |d 55676 | ||